| 000 | 00759nas a2200265 4500 | ||
|---|---|---|---|
| 001 | BR8303466 | ||
| 003 | BR-BrBNA | ||
| 005 | 20231205085558.0 | ||
| 007 | ta | ||
| 008 | 230509b bl.|||p| |||| 00| 00por d | ||
| 040 |
_aBR-BrBNA _bpor _cBiblioteca Nacional de Agricultura |
||
| 041 | _a(Pt) | ||
| 072 | _aS10 | ||
| 100 | 1 | _aMariath, J.G.R. | |
| 100 | 1 | _aZucas, S.M. | |
| 245 | 1 | _aValor nutricional da proteina isolada do residuo de cerveja [Brasil] | |
| 650 | _aCERVEJA | ||
| 650 | _aPROTEINA | ||
| 650 | _aVALOR NUTRITIVO | ||
| 650 | _aVALOR BIOLOGICO | ||
| 650 | _aFERMENTO | ||
| 773 | 0 |
_tAlimentacao (Brazil) _xISSN 0100-9397 _g(Mar-Apr 1983), (no. 65) p. 24-36 _wBR8303466 |
|
| 909 |
_a202311 _bLúcia _c55 _dLúcia Elande |
||
| 942 |
_2AGRIS _n0 _cANA |
||
| 999 |
_c112349 _d112349 |
||